00313nam a2200133 a 450008200160000010000190001624500230003526000330005830000080009150000350009950500100013465000160014470000190016000a297.93bALT aAlter, S Neale aStudies in Bahaism aBeirutbAmerican Pressc1923 a74p aincludes index and biblioraphy2 aindex aBahai Faith1 aAlter, S Neale